00486nam a22001697a 450000500170000001000280001702000260004503500170007103500140008803700300010208200080013210000160014024500390015626000490019527000510024430000210029520240321111528.0 aB-756724-728 ENG-139843 a9789394369696c350.00 aB-756724-728 aEN-123375 aPrakhar Goonj Publication a174 aBharti, I.J aThe Art of Living/cBy I.J Bharti  aNew Delhi bPrakhar Goonj Publication c2022 a672/13, Urban Estate Karnal bHaryana e132001 a172p.c21cm(Pbk)